=LDR 00000nam 2200000 4500 =001 INLIS000000000003775 =005 20130612092057 =008 ***********************************Ind** =035 ##$$0010-061300000003775 =041 ##$$a Ind =082 ##$$a 610.28 =090 ##$$a 610.28, Yur t =100 ##$$a Yury, R.M. Francis D =245 ##$$a Teknik elektronika kedokteran dan ilmu fisika, R.M. Franncis D. Yury =260 ##$$a 1993 $b Solo =300 ##$$a 90 hlm., ilus., 21 cm =650 ##$$a Elektronika kedokteran =850 ##$$a NBPNMAT